LIBRARY & INFORMATION CENTRE, KCAET, TAVANUR

ONLINE PUBLIC ACCESS CATALOGUE (OPAC)

Modern english literature / (Record no. 6907)

MARC details
000 -LEADER
fixed length control field 00438cam a2200181ua 4500
041 ## - LANGUAGE CODE
Language code of text/sound track or separate title eng
082 ## - DEWEY DECIMAL CLASSIFICATION NUMBER
Classification number 828.09
Item number MAI/MO
100 ## - MAIN ENTRY--AUTHOR NAME
Personal name Mair, G.H .
245 ## - TITLE STATEMENT
Title Modern english literature /
250 ## - EDITION STATEMENT
Edition statement 3 /
260 ## - PUBLICATION, DISTRIBUTION, ETC. (IMPRINT)
Place of publication London :
Name of publisher Oxford University Press ,
Year of publication 1961.
300 ## - PHYSICAL DESCRIPTION
Number of Pages 280 ; .
700 1# - ADDED ENTRY--PERSONAL NAME
Personal name Ward, A.C .
942 ## - ADDED ENTRY ELEMENTS (KOHA)
Koha item type Books
Holdings
Withdrawn status Lost status Damaged status Home library Current library Date acquired Cost, normal purchase price Full call number Accession Number Koha item type Public note
Withdrawn     KAUAET Malayalam University 07/04/2012   828.09 5138 Books  
Withdrawn     KAUAET Sanskrit University 07/04/2012 10.60 828.09 6611 Books Transferred to Sanskrit University
free website counter